banner-ar

مسرح العرائس / (Record no. 45321)

MARC details
000 -الفاتح
حقل البيانات ثابتة الطول 00555nam a2200181Ia 4500
008 - عناصر البيانات ثابتة الطول - معلومات عامة
حقل البيانات ثابتة الطول 140319s9999 xx 000 0 ara d
040 ## - مصدر الفهرسة
وكالة الفهرسة الأصلية GCL /
وكالة النسخ GCL
082 04 - رقم تصنيف ديوى العشرى
رقم التصنيف 791.53
رقم المادة ت م
100 1# - المدخل الرئيسى - إسم شخصى
الإسم الشخصى تحية كامل حسين
245 10 - بيان العنوان
العنوان مسرح العرائس /
بيان المسئوليه,etc تحية كامل حسين
260 ## - PUBLICATION, DISTRIBUTION, ETC. (IMPRINT)
تاريخ النشر أو التوزيع 1960
300 ## - الوصف المادى
التعداد 235 ص ؛
أبعاد الوعاء 30 سم
490 ## - بيان السلسلة
عنوان السلسلة
650 04 - المدخل الاضافى بالموضوع-مصطلح موضوعى
مصطلح موضوعي مسرح الطفل
650 04 - المدخل الاضافى بالموضوع-مصطلح موضوعى
مصطلح موضوعي مسرح العرائس
942 ## - عناصر المدخل الإضافي( كوها)
مصدر التصنيف او مخطط الترفيف Dewey Decimal Classification
Koha [default] item type كتاب
260 ## - PUBLICATION, DISTRIBUTION, ETC. (IMPRINT)
-- القاهرة :
-- دار الكرنك للنشر والطبع والتوزيع ،
Holdings
حالة التراجع حالة الفقد حالة تلف ليس للاعارة المكان المؤقت الموقع الحالى تاريخ الاكتساب اجمالي اﻻعارات رقم الطلب الباركود تاريخ اخر مشاهدة تاريخ تفعيل السعر نوع وعاء كوها
        مكتبة القاهرة الكبرى مكتبة القاهرة الكبرى 03/26/2014   791.53\ت م 110570 03/26/2014 03/26/2014 كتاب
        مكتبة القاهرة الكبرى مكتبة القاهرة الكبرى 03/26/2014   791.53\ت م 110571 03/26/2014 03/26/2014 كتاب
        مكتبة القاهرة الكبرى مكتبة القاهرة الكبرى 03/26/2014   791.53\ت م 110572 03/26/2014 03/26/2014 كتاب

Powered By

EGPV